Stray reflections : (Record no. 31312)
[ view plain ]
| 000 -LEADER | |
|---|---|
| fixed length control field | 00873cam a22002771 4500 |
| 001 - CONTROL NUMBER | |
| control field | 31312 |
| 003 - CONTROL NUMBER IDENTIFIER | |
| rucl marc code | BD-RjUL |
| 005 - DATE AND TIME OF LATEST TRANSACTION | |
| control field | 20211209051702.0 |
| 008 - FIXED-LENGTH DATA ELEMENTS--GENERAL INFORMATION | |
| fixed length control field | 140415s1961 pk 001 0 eng |
| 035 ## - SYSTEM CONTROL NUMBER | |
| System control number | (BD-RjUL)31399 |
| System control number | (OCoLC)1107290 |
| 040 ## - CATALOGING SOURCE | |
| Original cataloging agency | DLC |
| Transcribing agency | MH-AH |
| Modifying agency | DLC |
| Language of cataloging | eng |
| 041 ## - LANGUAGE CODE | |
| Language code of text/sound track or separate title | eng |
| 082 ## - DEWEY DECIMAL CLASSIFICATION NUMBER | |
| Classification number | 181.07 |
| Author mark and year | IQS 1961 |
| Edition number | 23 |
| 100 1# - MAIN ENTRY--PERSONAL NAME | |
| Personal name | Iqbal, Muhammad, |
| Dates associated with a name | 1877-1938. |
| 9 (RLIN) | 95290 |
| 245 10 - TITLE STATEMENT | |
| Title | Stray reflections : |
| Remainder of title | a note-book of Allama Iqbal / |
| Statement of responsibility, etc. | Muhammad Iqbal ; edited by Javid Iqbal |
| 260 ## - PUBLICATION, DISTRIBUTION, ETC. (IMPRINT) | |
| Place of publication, distribution, etc. | Lahore : |
| Name of publisher, distributor, etc. | Sh. Ghulam Ali & sons, |
| Date of publication, distribution, etc. | 1961. |
| 300 ## - PHYSICAL DESCRIPTION | |
| Pagination | xxxvi, 161 p. : |
| Illustrations | ill. ; |
| Size | 17 cm. |
| 504 ## - BIBLIOGRAPHY, ETC. NOTE | |
| Bibliography, etc | Includes index |
| 600 ## - SUBJECT ADDED ENTRY--PERSONAL NAME | |
| Personal name | Iqbal, Muhammad, |
| Titles and other words associated with a name | Sir, |
| Dates associated with a name | 1877-1938 |
| 650 ## - SUBJECT ADDED ENTRY--TOPICAL TERM | |
| Topical term or geographic name as entry element | Islamic philosophy |
| 9 (RLIN) | 220859 |
| Topical term or geographic name as entry element | Philosophy, Modern |
| 9 (RLIN) | 220860 |
| 700 1# - ADDED ENTRY--PERSONAL NAME | |
| Personal name | Iqbal, Javid |
| Dates associated with a name | 1924- |
| Relator term | ed. |
| 942 ## - ADDED ENTRY ELEMENTS (KOHA) | |
| Source of classification or shelving scheme | Dewey Decimal Classification |
| Koha item type | Books |
| Lost status | Source of classification or shelving scheme | Damaged status | Not for loan | Collection code | Permanent Location | Current Location | Shelving location | Date acquired | Source of acquisition | Cost, normal purchase price | Total Checkouts | Full call number | Date last seen | Date checked out | Copy number | Koha item type |
|---|---|---|---|---|---|---|---|---|---|---|---|---|---|---|---|---|
| Dewey Decimal Classification | Non-fiction | Central Library, University of Rajshahi | Central Library, University of Rajshahi | 26/05/1967 | American Book Agency | 7.50 | 1 | 181.07 IQS 1961 | 01/03/2020 | 20/01/2020 | C-3 | Books | ||||
| Dewey Decimal Classification | Not For Loan | Non-fiction | Central Library, University of Rajshahi | Central Library, University of Rajshahi | Reading Room | 15/04/2014 | 199.53 IQS 1961 | 15/04/2014 | C-1 | Books | ||||||
| Dewey Decimal Classification | Non-fiction | Central Library, University of Rajshahi | Central Library, University of Rajshahi | 05/05/1967 | AMERICAN B I S | 15.00 | 181.07 IQS 1961 | 26/06/2014 | C-2 | Books |